Datum a čas kvízu
34.5
Celkem bodů
Celkový počet nahraných bodů na tomto kvízu bez doplňovacích otázek.
2.
Pořadí na kvízu
Konečné umístění týmu na tomto kvízu.
Zaznamenané odpovědi
| # | Otázka | Odpověď | Body | Výsledky |
|---|---|---|---|---|
| 1. | Jeden muž si chtěl ulehčit par... | přemaloval čáry na vozovce | 1 | |
| 2. | V americkém Miami byla ve stře... | Icon Of The Seas (Ikona moří) | 0 | |
| 3. | Čeští a slovenští archeologové... | v Guatemale | 1 | |
| 4. | Roční míra inflace v jisté zem... | Argentina | 0 | |
| 5. | V sobotu odstartoval fotbalový... | Pobřeží Slonoviny | 0 | |
| 6. | Čeština má celkem 3 gramatické... | 14 | 1 | |
| 7. | Přiřaďte ke každému slovu jeho... | 1C 2D 3A 4B | 0 | |
| 8. | Dva gramatické rody můžeme při... | sršeň | 1 | |
| 9. | V minulé otázce jsme se ptali... | zombie | 1 | |
| 10. | Začátkem roku 2023 byla Ústave... | hranolka, hranolek | 0 |